Actors in Movies: Tile Select #2 - Statistics

General Stats
  • This quiz has been taken 70 times
  • The average score is 63 of 96
Answer Stats
Question Tile Select % Correct
X-Men Denzel Washington No
97%
X-Men Sylvester Stallone No
97%
X-Men Tom Hanks No
97%
X-Men Natalie Portman No
96%
Fast & Furious Christian Bale No
94%
Jurassic Park / Jurassic World Christina Ricci No
94%
Pirates of the Caribbean Johnny Depp Yes
94%
X-Men Lindsay Lohan No
94%
Fast & Furious Tom Cruise No
94%
X-Men Will Smith No
94%
Fast & Furious Eminem No
93%
Indiana Jones Harrison Ford Yes
93%
Pirates of the Caribbean Heath Ledger No
93%
Indiana Jones Jack Nicholson No
93%
Pirates of the Caribbean Matthew McConaughey No
93%
Fast & Furious Vin Diesel Yes
93%
Jurassic Park / Jurassic World William Hurt No
93%
X-Men Hugh Jackman Yes
91%
Jurassic Park / Jurassic World Kurt Russell No
91%
Pirates of the Caribbean Megan Fox No
91%
Pirates of the Caribbean Ozzy Osbourne No
91%
Fast & Furious Tommy Lee Jones No
91%
Indiana Jones Tom Selleck No
91%
Indiana Jones Gregory Peck No
90%
Pirates of the Caribbean Keira Knightley Yes
90%
Fast & Furious Paul Walker Yes
90%
Jurassic Park / Jurassic World Alfred Molina No
88%
Indiana Jones Danny DeVito No
88%
Indiana Jones Nick Nolte No
88%
Jurassic Park / Jurassic World Chris Pratt Yes
87%
Transformers Jim Carrey No
87%
Jurassic Park / Jurassic World Juliette Binoche No
87%
Indiana Jones Laurence Olivier No
87%
Pirates of the Caribbean Richard E. Grant No
87%
Fast & Furious Channing Tatum No
85%
X-Men Halle Berry Yes
84%
Jurassic Park / Jurassic World Jeff Goldblum Yes
84%
Jurassic Park / Jurassic World Robin Wright No
84%
Transformers Ewan McGregor No
82%
Pirates of the Caribbean Jude Law No
82%
Fast & Furious Michelle Rodriguez Yes
82%
Pirates of the Caribbean Orlando Bloom Yes
82%
Jurassic Park / Jurassic World Richard Dreyfuss No
81%
X-Men James McAvoy Yes
79%
X-Men Patrick Stewart Yes
79%
Transformers Dwayne Johnson No
78%
Transformers Martin Sheen No
78%
X-Men Michael Fassbender Yes
78%
X-Men Ian McKellen Yes
76%
Pirates of the Caribbean Penélope Cruz Yes
75%
Jurassic Park / Jurassic World Bryce Dallas Howard Yes
73%
Transformers Jonah Hill No
73%
Jurassic Park / Jurassic World Laura Dern Yes
72%
Jurassic Park / Jurassic World Sam Neill Yes
69%
Indiana Jones Sean Connery Yes
69%
Indiana Jones Shia LaBeouf Yes
69%
Transformers Mark Wahlberg Yes
67%
Indiana Jones Ke Huy Quan Yes
63%
Fast & Furious Ludacris Yes
63%
Fast & Furious Tyrese Gibson Yes
60%
Jurassic Park / Jurassic World Samuel L. Jackson Yes
58%
Pirates of the Caribbean Geoffrey Rush Yes
57%
Pirates of the Caribbean Javier Bardem Yes
51%
Pirates of the Caribbean Keith Richards Yes
51%
Pirates of the Caribbean Bill Nighy Yes
48%
Indiana Jones Cate Blanchett Yes
48%
Fast & Furious Jason Momoa Yes
48%
Indiana Jones John Rhys-Davies Yes
45%
Jurassic Park / Jurassic World Julianne Moore Yes
45%
Indiana Jones Karen Allen Yes
45%
Indiana Jones River Phoenix Yes
45%
X-Men Ryan Reynolds Yes
45%
Fast & Furious Gal Gadot Yes
43%
Fast & Furious Charlize Theron Yes
42%
Transformers Kelsey Grammer Yes
42%
Pirates of the Caribbean Ian McShane Yes
39%
Transformers John Cena Yes
39%
Indiana Jones Mads Mikkelsen Yes
39%
Jurassic Park / Jurassic World Wayne Knight Yes
39%
Transformers Jon Voight Yes
37%
Transformers Peter Cullen Yes
36%
X-Men Kevin Bacon Yes
28%
Transformers Steve Buscemi Yes
27%
X-Men Anya Taylor-Joy Yes
25%
Fast & Furious Helen Mirren Yes
25%
Indiana Jones Antonio Banderas Yes
24%
Transformers Michelle Yeoh Yes
24%
Fast & Furious Brie Larson Yes
22%
Transformers John Malkovich Yes
22%
Transformers Anthony Hopkins Yes
21%
Fast & Furious Cardi B Yes
19%
Transformers Leonard Nimoy Yes
19%
Jurassic Park / Jurassic World James Cromwell Yes
18%
X-Men Josh Brolin Yes
15%
Transformers Orson Welles Yes
13%
Pirates of the Caribbean Paul McCartney Yes
9%
No matching quizzes found
Score Distribution
Percent of People with Each Score
Percentile by Number Answered
Your Score History
You have not taken this quiz